English as a global language

Enregistré dans:
Détails bibliographiques
Auteur principal: Crystal, David (Auteur)
Format: Livre
Langue:anglais
Publié: Cambridge Cambridge University Press 1997
Édition:1a. ed
Sujets:
Tags: Ajouter un tag
Pas de tags, Soyez le premier à ajouter un tag!

MARC

LEADER 00000cam a2200000 a 4500
001 UCC4592
003 CL-VaPUC
008 180810e19970000uk |||||||||||||||||eng|d
020 |a 052159247X 
082 0 4 |a 420  |b CRY  |2 21 
100 0 |a Crystal, David  |e author  |9 598780 
245 1 0 |a English as a global language 
250 |a 1a. ed 
300 |a 150 p 
942 |c BK 
945 |d 20180810 15:16:00  |a dcastane 
260 |a Cambridge  |b Cambridge University Press  |c 1997 
650 0 |a Lengua inglesa  |9 318842 
650 0 |a Aspectos sociales  |9 254894 
650 0 |a Lenguaje y cultura  |9 311851 
583 |a last modification  |c 20180810 15:16:00  |k Rodrigo Vera 
999 |c 372044  |d 372042 
952 |0 0  |1 0  |3 erd  |4 0  |6 420_000000000000000_CRY_1997  |7 0  |8 A  |9 489282  |a BIBEDU  |b BIBEDU  |i 5487625  |l 2  |o 420 CRY 1997  |p 5487625  |r 2024-05-31  |s 2024-05-24  |w 2019-11-24  |y BK  |z Catalogado en:20180810  |k LIT